Harrison's Cardiovascular Medicine (Record no. 249063)

MARC details
000 -LEADER
fixed length control field 00362pam a2200133a 44500
008 - FIXED-LENGTH DATA ELEMENTS--GENERAL INFORMATION
fixed length control field 230405s2010 xxu||||| |||| 00| 0 eng d
020 ## - INTERNATIONAL STANDARD BOOK NUMBER
International Standard Book Number 0071702911
Terms of availability Rs. 1676
082 ## - DEWEY DECIMAL CLASSIFICATION NUMBER
Classification number 616.12
Item number LOS
100 ## - MAIN ENTRY--PERSONAL NAME
Personal name Loscalzo, Joseph
245 ## - TITLE STATEMENT
Title Harrison's Cardiovascular Medicine
260 ## - PUBLICATION, DISTRIBUTION, ETC.
Place of publication, distribution, etc. New York
Name of publisher, distributor, etc. McGraw-Hill Professional
Date of publication, distribution, etc. 2010
300 ## - PHYSICAL DESCRIPTION
Extent 628 p
906 ## - LOCAL DATA ELEMENT F, LDF (RLIN)
a 000329

No items available.